[Event "HUN-chT2 Erkel 1213"]
[Site "Hungary"]
[Date "2013.01.27"]
[Round "6.11"]
[White "Pasztor, Mate"]
[Black "Somogyi, Gabor"]
[Result "0-1"]
[WhiteElo "1955"]
[BlackElo "1917"]
[PlyCount "90"]
[EventDate "2012.09.16"]
[EventType "team-tourn"]
[EventRounds "11"]
[EventCountry "HUN"]
[SourceTitle "EXT 2014"]
[Source "ChessBase"]
[SourceDate "2013.11.20"]
[SourceVersion "1"]
[SourceVersionDate "2013.11.20"]
[SourceQuality "1"]
[WhiteTeam "Nagykata"]
[BlackTeam "Dunaharaszti"]
[WhiteTeamCountry "HUN"]
[BlackTeamCountry "HUN"]

1. e4 c5 2. Nf3 d6 3. d4 cxd4 4. Nxd4 Nf6 5. f3 Nc6 6. c4 Qb6 7. Nb3 g6 8. Qe2 Bg7 9. Be3 Qc7 10. Nc3 a6 11. Rc1 0-0 12. Nd5 Qd8 13. Qd2 Rb8 14. Be2 e6 15. Nc3 Re8 16. 0-0 d5 17. cxd5 exd5 18. exd5 Nb4 19. Rfd1 Bf5 20. Kf2 Rc8 21. a3 Nc2 22. Rxc2 Bxc2 23. Qxc2 Nxd5 24. Qd3 Qh4+ 25. Kg1 Nxe3 26. Rc1 Qg5 27. g3 Qd8 28. Qxd8 Rexd8 29. Kf2 Nf5 30. Na5 b5 31. g4 Nd4 32. Bf1 Ne6 33. Nb3 Nc5 34. Na1 Nd3+ 35. Bxd3 Rxd3 36. Ke2 Rd7 37. Nb3 Re8+ 38. Kf2 Bh6 39. Ne4 Bxc1 40. Nf6+ Kh8 41. Nxd7 Bxb2 42. Ndc5 a5 43. Ne4 a4 44. Na5 Bxa3 45. Nb7 Rb8 0-1

[Event "HUN-chT2 Erkel 1213"]
[Site "Hungary"]
[Date "2012.11.18"]
[Round "4.11"]
[White "Pasztor, Mate"]
[Black "Szego, Krisztian"]
[Result "1-0"]
[WhiteElo "1955"]
[BlackElo "1805"]
[PlyCount "53"]
[EventDate "2012.09.16"]
[EventType "team-tourn"]
[EventRounds "11"]
[EventCountry "HUN"]
[SourceTitle "EXT 2014"]
[Source "ChessBase"]
[SourceDate "2013.11.20"]
[SourceVersion "1"]
[SourceVersionDate "2013.11.20"]
[SourceQuality "1"]
[WhiteTeam "Nagykata"]
[BlackTeam "Andornaktalya"]
[WhiteTeamCountry "HUN"]
[BlackTeamCountry "HUN"]

1. e4 c6 2. d4 d5 3. Nd2 dxe4 4. Nxe4 Bf5 5. Ng3 Bg6 6. Nf3 Nf6 7. Bc4 e6 8. Ne5 Bd6 9. Qe2 Nbd7 10. Bd2 Bxc2 11. Nxf7 Qe7 12. Nxh8 0-0-0 13. Bc3 Nb6 14. Qxe6+ Qxe6+ 15. Bxe6+ Kc7 16. Nf7 Re8 17. Kd2 Bg6 18. Nxd6 Rxe6 19. Ndf5 Nc4+ 20. Kc1 Ng4 21. Re1 Rf6 22. b3 Na3 23. d5 Rf7 24. Re7+ Rxe7 25. d6+ Kd7 26. dxe7 Bxf5 27. Nxf5 1-0

[Event "HUN-chT2 Erkel 0910"]
[Site "Hungary"]
[Date "2010.04.11"]
[Round "9.11"]
[White "Pasztor, Mate"]
[Black "Markos, Adam"]
[Result "1/2-1/2"]
[WhiteElo "1865"]
[BlackElo "1891"]
[PlyCount "93"]
[EventDate "2009.11.08"]
[EventType "team-tourn"]
[EventRounds "11"]
[EventCountry "HUN"]
[SourceTitle "EXT 2011"]
[Source "ChessBase"]
[SourceDate "2010.11.26"]
[SourceVersion "1"]
[SourceVersionDate "2010.11.26"]
[SourceQuality "1"]
[WhiteTeam "Jaszbereny"]
[BlackTeam "Dunaharaszti"]
[WhiteTeamCountry "HUN"]
[BlackTeamCountry "HUN"]

1. e4 e6 2. d4 d5 3. e5 c5 4. c3 Nc6 5. Nf3 Qb6 6. a3 Bd7 7. b4 cxd4 8. cxd4 Nge7 9. Nc3 Nf5 10. Na4 Qc7 11. Bb2 h5 12. Rc1 a6 13. Bd3 g6 14. 0-0 Be7 15. Qd2 Qd8 16. Nc5 Bxc5 17. dxc5 h4 18. a4 h3 19. g3 Na7 20. Ra1 Rc8 21. Rfc1 Bc6 22. Bd4 Qd7 23. Qa2 Rg8 24. Qb3 g5 25. Bxf5 exf5 26. Re1 Qe6 27. Bc3 d4 28. Qxe6+ fxe6 29. Nxd4 Bd5 30. Rad1 Rf8 31. b5 Rf7 32. Ba5 axb5 33. Bb6 Ra8 34. Bxa7 Rxa7 35. Nxb5 Rxa4 36. Nd6+ Ke7 37. Nxf7 Kxf7 38. Ra1 Rc4 39. Rac1 Ra4 40. Re3 Ra2 41. Kf1 Bc6 42. Rb3 Bd5 43. Rbc3 Bc6 44. R3c2 Ra4 45. Ke1 Bb5 46. Rc3 Ra2 47. R3c2 1/2-1/2

[Event "HUN-chT2 Erkel 0910"]
[Site "Hungary"]
[Date "2010.03.21"]
[Round "8.12"]
[White "Pasztor, Mate"]
[Black "Pasztor, Peter"]
[Result "1/2-1/2"]
[WhiteElo "1865"]
[BlackElo "1874"]
[PlyCount "120"]
[EventDate "2009.11.08"]
[EventType "team-tourn"]
[EventRounds "11"]
[EventCountry "HUN"]
[SourceTitle "EXT 2011"]
[Source "ChessBase"]
[SourceDate "2010.11.26"]
[SourceVersion "1"]
[SourceVersionDate "2010.11.26"]
[SourceQuality "1"]
[WhiteTeam "Jaszbereny"]
[BlackTeam "Ujszasz"]
[WhiteTeamCountry "HUN"]
[BlackTeamCountry "HUN"]

1. e4 c6 2. d4 d5 3. Nc3 dxe4 4. Nxe4 Bf5 5. Ng3 Bg6 6. h4 h6 7. Nf3 e6 8. Bd3 Bxd3 9. Qxd3 Bd6 10. Ne4 Nf6 11. Bd2 Nxe4 12. Qxe4 Nd7 13. 0-0-0 Qc7 14. Kb1 0-0-0 15. g3 Qb6 16. Qd3 Bb4 17. Bxb4 Qxb4 18. Qb3 Qa5 19. c4 Nf6 20. Ne5 Rhf8 21. c5 Nd5 22. Nc4 Qc7 23. Qa4 b5 24. Qa6+ Kb8 25. Nd6 Nb4 26. Qa3 a5 27. Qf3 Nd5 28. Rhe1 Nf6 29. Qe2 Ne8 30. Nxe8 Rfxe8 31. Qe5 Qxe5 32. Rxe5 Kc7 33. Kc2 Rd7 34. Kc3 Red8 35. f4 g6 36. h5 Rd5 37. hxg6 Rxe5 38. fxe5 fxg6 39. Rf1 Rg8 40. Rf7+ Kd8 41. Kd3 g5 42. Ke2 h5 43. Ra7 Rg6 44. Rxa5 h4 45. Ra8+ Ke7 46. Rh8 Rg7 47. gxh4 gxh4 48. Rxh4 Rg2+ 49. Kf3 Rxb2 50. Rh7+ Kd8 51. Ra7 Rd2 52. Ke3 Rd1 53. Ra3 Kc7 54. Rd3 Ra1 55. a3 Kd7 56. Kd2 Ra2+ 57. Kc1 Kd8 58. Kb1 Re2 59. Kc1 Ra2 60. Kb1 Re2 1/2-1/2

[Event "HUN-chT2 Erkel 0910"]
[Site "Hungary"]
[Date "2009.11.08"]
[Round "1.12"]
[White "Pasztor, Mate"]
[Black "Martin, Bela Sr"]
[Result "1-0"]
[WhiteElo "1865"]
[BlackElo "2082"]
[PlyCount "79"]
[EventDate "2009.11.08"]
[EventType "team-tourn"]
[EventRounds "11"]
[EventCountry "HUN"]
[SourceTitle "EXT 2011"]
[Source "ChessBase"]
[SourceDate "2010.11.26"]
[SourceVersion "1"]
[SourceVersionDate "2010.11.26"]
[SourceQuality "1"]
[WhiteTeam "Jaszbereny"]
[BlackTeam "Barcza"]
[WhiteTeamCountry "HUN"]
[BlackTeamCountry "HUN"]

1. e4 c5 2. Nf3 Nc6 3. Bb5 g6 4. 0-0 Bg7 5. c3 a6 6. Ba4 b5 7. Bc2 Nf6 8. d4 cxd4 9. cxd4 d5 10. e5 Nd7 11. Re1 0-0 12. Bf4 f6 13. e6 Nb6 14. a3 Nc4 15. b3 Nd6 16. Nc3 Ne8 17. h4 Ra7 18. h5 Nc7 19. hxg6 hxg6 20. Bxc7 Rxc7 21. Bxg6 Qd6 22. Bf7+ Rxf7 23. exf7+ Kxf7 24. Qd3 Qf4 25. Nxd5 Qd6 26. Nxc7 Qxc7 27. Rac1 Qd7 28. Rc5 e6 29. Rec1 Bb7 30. Qc3 Ne7 31. Rc7 Qd5 32. Qc5 Qxc5 33. dxc5 Bc8 34. g3 Bh6 35. Rd1 e5 36. Ne1 Be6 37. b4 Ke8 38. Rd6 Kf7 39. Rxa6 Bd2 40. Raa7 1-0

[Event "Eger Osz op"]
[Site "Eger"]
[Date "2008.10.25"]
[Round "6"]
[White "Pasztor, Mate"]
[Black "Szego, Krisztian"]
[Result "1-0"]
[WhiteElo "1705"]
[BlackElo "1885"]
[PlyCount "69"]
[EventDate "2008.10.22"]
[EventType "swiss"]
[EventRounds "7"]
[EventCountry "HUN"]
[SourceTitle "EXT 2011"]
[Source "ChessBase"]
[SourceDate "2010.11.26"]
[SourceVersion "1"]
[SourceVersionDate "2010.11.26"]
[SourceQuality "1"]

1. e4 e6 2. d4 d5 3. e5 c5 4. c3 Nc6 5. Nf3 Qb6 6. a3 a5 7. Bd3 cxd4 8. cxd4 Nge7 9. Nc3 Ng6 10. Na4 Qc7 11. Be3 Be7 12. 0-0 0-0 13. Nd2 Bd7 14. Rc1 Rfc8 15. f4 f5 16. Qb3 Rcb8 17. Nb6 Ra7 18. g4 Bd8 19. Nxd7 Qxd7 20. gxf5 exf5 21. Bxf5 Qxf5 22. Rxc6 Ne7 23. Rcc1 b5 24. Kh1 Rab7 25. Qc2 Qxc2 26. Rxc2 b4 27. f5 bxa3 28. bxa3 Rb2 29. Rxb2 Rxb2 30. f6 gxf6 31. exf6 Ng6 32. f7+ Kf8 33. Bh6+ Ke7 34. f8Q+ Nxf8 35. Bxf8+ 1-0

[Event "Eger Osz op"]
[Site "Eger"]
[Date "2008.10.23"]
[Round "2"]
[White "Pasztor, Mate"]
[Black "Toth, Janos"]
[Result "1-0"]
[WhiteElo "1705"]
[BlackElo "1851"]
[PlyCount "149"]
[EventDate "2008.10.22"]
[EventType "swiss"]
[EventRounds "7"]
[EventCountry "HUN"]
[SourceTitle "EXT 2011"]
[Source "ChessBase"]
[SourceDate "2010.11.26"]
[SourceVersion "1"]
[SourceVersionDate "2010.11.26"]
[SourceQuality "1"]

1. e4 c5 2. Nf3 Nc6 3. c4 e5 4. Nc3 Nf6 5. Be2 Be7 6. 0-0 0-0 7. d3 d6 8. Ne1 h6 9. Nc2 Nh7 10. Ne3 f5 11. exf5 Bxf5 12. Nxf5 Rxf5 13. Bg4 Rf8 14. Nd5 Nf6 15. Bf3 Rc8 16. Bd2 b6 17. Qa4 Nd4 18. Nxf6+ Rxf6 19. Bd5+ Kh8 20. Qxa7 Ne2+ 21. Kh1 Nf4 22. Bxf4 Rxf4 23. g3 Rf8 24. Rae1 Bf6 25. Re4 Re8 26. Qf7 Re7 27. Qg6 Qe8 28. Qxe8+ Rcxe8 29. Rb1 Ra7 30. a3 Rf8 31. Ra1 g5 32. Ra2 Bg7 33. Re2 Rb8 34. b4 Kh7 35. Be4+ Kg8 36. Reb2 Bf6 37. bxc5 dxc5 38. a4 Bd8 39. a5 b5 40. Bd5+ Kg7 41. cxb5 Rxa5 42. Rxa5 Bxa5 43. Bc6 Kf6 44. Kg2 Kf5 45. Kf3 g4+ 46. Ke2 Ke6 47. Ra2 Bb6 48. Ra6 Kd6 49. Ra4 h5 50. Ra8 Rxa8 51. Bxa8 c4 52. dxc4 Bd4 53. Bd5 Ke7 54. f3 Bg1 55. fxg4 hxg4 56. Kf1 Bc5 57. Kg2 Kf6 58. h3 gxh3+ 59. Kxh3 Kg5 60. Be4 Be3 61. Kg2 Kg4 62. Bc6 Bc5 63. Bd7+ Kg5 64. Kf3 Bd4 65. Ke4 Kf6 66. Kd5 Ke7 67. Bh3 Kf6 68. c5 Ke7 69. b6 Kd8 70. g4 Be3 71. Kc6 Kc8 72. g5+ Kb8 73. g6 Bh6 74. Kd7 e4 75. c6 1-0